Chegevarana neladalli: Brejil Arjentina chili peru pravasa kathana (Record no. 122277)

MARC details
000 -LEADER
fixed length control field 00725nam a2200205Ia 4500
003 - CONTROL NUMBER IDENTIFIER
control field OSt
005 - DATE AND TIME OF LATEST TRANSACTION
control field 20241001095542.0
008 - FIXED-LENGTH DATA ELEMENTS--GENERAL INFORMATION
fixed length control field 210210b2017 xxu||||| |||| 00| 0 eng d
040 ## - CATALOGING SOURCE
Transcribing agency AL
041 ## - LANGUAGE CODE
Language code of text/sound track or separate title Kannada
082 ## - DEWEY DECIMAL CLASSIFICATION NUMBER
Classification number 918.04K ANUC
100 ## - MAIN ENTRY--PERSONAL NAME
Personal name ANUPAMA (H S)
Dates associated with a name ಅನುಪಮಾ (ಹೆಚ್ ಎಸ್)
9 (RLIN) 180981
245 ## - TITLE STATEMENT
Title Chegevarana neladalli: Brejil Arjentina chili peru pravasa kathana
Remainder of title ಚೆಗೆವಾರನ ನೆಲದಲ್ಲಿ: ಬ್ರೆಜಿಲ್ ಅರ್ಜೆಂಟೀನ ಚಿಲಿ ಪೆರು ಪ್ರವಾಸ ಕಥನ
260 ## - PUBLICATION, DISTRIBUTION, ETC.
Place of publication, distribution, etc. Gadaga
Name of publisher, distributor, etc. Ladayi Prakashana
Date of publication, distribution, etc. 2017
300 ## - PHYSICAL DESCRIPTION
Extent 239
650 ## - SUBJECT ADDED ENTRY--TOPICAL TERM
Topical term or geographic name entry element ,
9 (RLIN) 180982
690 ## - LOCAL SUBJECT ADDED ENTRY--TOPICAL TERM (OCLC, RLIN)
Topical term or geographic name as entry element Travel
9 (RLIN) 180983
906 ## - LOCAL DATA ELEMENT F, LDF (RLIN)
a 072361
942 ## - ADDED ENTRY ELEMENTS (KOHA)
Source of classification or shelving scheme Dewey Decimal Classification
Koha item type Book
Holdings
Withdrawn status Lost status Damaged status Not for loan Collection code Home library Current library Shelving location Date acquired Source of acquisition Cost, normal purchase price Total Checkouts Full call number Barcode Date last seen Price effective from Koha item type
          St Aloysius Library St Aloysius Library   02/17/2021 Navakarnataka Publication Pvt Ltd., Mangalore. 200.00   918.04K ANUC 072361 02/17/2021 02/17/2021 Book